Random Flag to Country #3 - Statistics

General Stats
  • This quiz has been taken 35 times
  • The average score is 14 of 16
Answer Stats
Picture Answer % Correct
Brazil
96%
Denmark
96%
Poland
96%
Bangladesh
93%
Chile
93%
Haiti
93%
Nigeria
93%
Serbia
93%
Latvia
89%
Tuvalu
85%
Azerbaijan
81%
Laos
81%
Democratic Republic of the Congo
78%
Nauru
74%
Central African Republic
70%
Guyana
70%
No matching quizzes found
Score Distribution
Percent of People with Each Score
Percentile by Number Answered
Your Score History
You have not taken this quiz